书目信息 |
| 题名: |
供热水
|
|
| 作者: | 镰田元康 编 ;李军 译 | |
| 分册: | ||
| 出版信息: | 北京 科学出版社 2002.02 |
|
| 页数: | 110页 | |
| 开本: | 26cm | |
| 丛书名: | 图解现代住宅设施系列 4 | |
| 单 册: | ||
| 中图分类: | TU822-64 | |
| 科图分类: | ||
| 主题词: | 房屋建筑设备:卫生设备 | |
| 电子资源: | ||
| ISBN: | 7-03-009861-7 | |
| 000 | 00703nam0 2200229 450 | |
| 001 | 0433262521 | |
| 005 | 20040410091421.67 | |
| 010 | @a7-03-009861-7@dCNY16.00 | |
| 100 | @a20040410d2002 km y0chiy0120 ea | |
| 101 | 0 | @achi |
| 102 | @aCN@b110000 | |
| 200 | 1 | @a供热水@Agong re shui@f(日)镰田元康编@F(ri)lian tian yuan kang bian@g李军等译@Gli jun deng yi |
| 210 | @a北京@c科学出版社@d2002.02 | |
| 215 | @a110页@d26cm | |
| 225 | 2 | @a图解现代住宅设施系列 4 |
| 410 | 0 | @12001 @a图解现代住宅设施系列 4 |
| 606 | 0 | @a房屋建筑设备:卫生设备 |
| 690 | @aTU822-64@v4 | |
| 701 | 0 | @a镰田元康@Alian tian yuan kang@4编 |
| 702 | 0 | @a李军@Ali jun@4译 |
| 801 | 0 | @aCN@bPFT@c20040410 |
| 905 | @aBZT@dTU822-64@e1@f5 | |
| 供热水/(日)镰田元康编/李军等译.-北京:科学出版社,2002.02 |
| 110页;26cm.-(图解现代住宅设施系列 4) |
| ISBN 7-03-009861-7:CNY16.00 |
| ● |
| 相关链接 |
|
|
|
正题名:供热水
索取号:TU822-64/1
 
预约/预借
| 序号 | 登录号 | 条形码 | 馆藏地/架位号 | 状态 | 备注 |
| 1 | 2001740072 | 2001740072 | 样本书库/样008架A面4层3列/ [索取号:TU822-64/1] | 在馆 |